000 00655nam a2200193 i 4500
001 89942
003 ES-MaACL
005 20230906180315.0
007 t|
008 050117s1955 sp ||||1| spa d
100 1 _aLayna Serrano, Francisco.
_970767
245 1 0 _aHistoria de la villa condal de Cifuentes (Guadalajara) /
_cpor Francisco Layna Serrano.
250 _a1ª ed.
260 _aMadrid :
_bCompañía Bibliográfica Española,
_c1955 (
_fArtes Gráf. C.I.M.)
300 _a341 p., 10 lám. :
_bil. ;
_c27 cm.
651 4 _aCifuentes-
_xHistoria.
_9157656
710 2 _aCompañía Bibliográfica Española.
_9171207
852 _aES-MaACL
_jC-9170
999 _c89942
_d89942